Romance language interrogatives - Statistics

General Stats
  • This quiz has been taken 56 times
  • The average score is 28 of 48
Answer Stats
Answer % Correct
qué
100%
què
100%
qui
95%
qui
95%
com
90%
quan
85%
quand
85%
porquê
80%
porqué
80%
por què
80%
como
78%
cómo
78%
78%
pourquoi
78%
dónde
73%
quando
71%
quando
71%
quant
71%
quel / lequel
71%
quoi
71%
cuándo
68%
combien
66%
cuánto
66%
quanto
66%
quanto
66%
quién
66%
comment
63%
cuál
63%
che / cosa
56%
qual
54%
come
51%
perché
51%
dove
49%
chi
44%
on
44%
onde
41%
quem
37%
quale
32%
o quê
29%
quin
20%
cum
17%
ce
15%
când
12%
care
10%
cât
10%
cine
10%
de ce
10%
unde
10%
No matching quizzes found
Score Distribution
Percent of People with Each Score
Percentile by Number Answered
Your Score History
You have not taken this quiz